Seasons In The Sun - Terry Jacks (All Lyrics) - Statistics

General Stats
  • This quiz has been taken 77 times
  • The average score is 290 of 386
Answer Stats
Answer % Correct
Goodbye
97%
I
97%
my
97%
the
97%
to
97%
had
94%
in
94%
we
94%
We
94%
it's
91%
joy,
91%
seasons
91%
seasons,
91%
sun
91%
fun
88%
you,
88%
You
88%
you
88%
all
85%
All
85%
die
85%
and
82%
And
82%
friend
82%
friend,
82%
me
82%
When
82%
be
79%
But
79%
of
79%
time
79%
are
76%
were
76%
Were
76%
hard
74%
love
74%
sky
74%
is
71%
Papa,
71%
birds
68%
for
68%
just
68%
out
68%
singing
68%
that
68%
Too
68%
too
68%
or
65%
our
65%
from
62%
nine
62%
Now
62%
since
62%
ten
62%
on
59%
there
59%
We've
59%
we've
59%
air
56%
climbed
56%
each
56%
hills
56%
known
56%
other
56%
trusted
56%
wine
56%
I'll
53%
Learned
53%
please
53%
song
53%
black
50%
family
50%
got
50%
how
50%
much
50%
pray
50%
right
50%
sheep
50%
spring
50%
Think
50%
trees
50%
was
50%
wrong
50%
ABC's
47%
along
47%
every
47%
gone
47%
have
47%
knees
47%
Little
47%
little
47%
Michelle,
47%
one
47%
could
44%
see
44%
Skinned
44%
skinned
44%
everywhere
41%
hearts
41%
teach
41%
tried
41%
Wonder
41%
beach
38%
girls
38%
Like
38%
Pretty
38%
stars
38%
them,
38%
find
35%
gave
35%
reach
35%
With
35%
would
35%
always
32%
children
32%
come
32%
down
32%
flowers
32%
starfish
32%
Together
32%
wish
32%
get
29%
helped
29%
back
26%
both
26%
feet
26%
ground
26%
lives,
26%
around
24%
No matching quizzes found
Score Distribution
Percent of People with Each Score
Percentile by Number Answered
Your Score History
You have not taken this quiz